000 00840nam a2200205 a 4500
008 120416s1983 ||||||||||||||||| || u
020 _a0673158195
050 _aJK 274 Har
100 _aHarris, Fred R., 1930-
245 1 0 _aAmerica's democracy: the ideal and reality
250 _a2nd ed.
260 _aGlenview:
_bSalt, Foresmanand
_c1983
300 _a653p. : ill.
350 _a0.00
650 _aDEMOCRACY--UNITED STATES GOVERNMENT
650 _aGOVERNMENT
650 _aUNITED STATES--POLITICS AND GOVERNMENT
995 _aANNEX COLLECTION (Main Library)
_D0.00
_e718835
_FCBU-MAIN LIBRARY (Kitwe)
_H2
_I0.00
_jJK 274 Har
_M1
_UAVAILABLE
_y007590
_ZAnnex Low-Usage Collection
995 _aMAIN LIBRARY OPEN ACCESS
_D0.00
_e718834
_FCBU-MAIN LIBRARY (Kitwe)
_H1
_I0.00
_jJK 274 Har
_M2
_UAVAILABLE
_y009366
_ZMain Library Open Access Collection
999 _c83909
_d83909